000 01542nam a2200301Ia 4500
999 _c40597
_d40597
001 7222
003 GE_BSU
005 20190507161650.0
008 181216s2010||||ge |||||||||||||| ||geo||
020 _a9789941913952
040 _cGE_BSU
041 _ageo
080 _a330.1
100 _aსილაგაძე, ავთანდილ
_9863
245 _aეკონომიკური დოქტრინები /
_cთანაავტ.: თამარ ათანელიშვილი, ნოდარ სილაგაძე ; მთ. რედ. როინ მეტრეველი ; სარედ. კოლ.: ვლადიმერ პაპავა და სხვ. ; საქ. მეცნ. ეროვნ. აკად..
264 _aთბილისი
_bინოვაცია,
_c2010.
300 _a612 გვ.;
_b29 სმ.
300 _eბიბლიოგრ.თავების ბოლოს ტექსტ.შენიშვნ.
504 _aბიბლიოგრ. თავების ბოლოს
541 _h20ლ.
653 _aეკონომიკა
653 _aეკონომიკის თეორია.
700 _aათანელიშვილი, თამარ
_eავტორი
_9903
700 _aმეტრეველი, როინ
_9904
700 _aპაპავა, ვლადიმერ
_9567
700 _a აბესაძე, რამაზ
_eრედაქტორი
_9905
942 _cBK
_2udc